Statistics for UK Digital TV Channels

Click here to take the quiz!

General Stats

  • This quiz has been taken 264 times
  • The average score is 15 of 30

Answer Stats

Answer% Correct
BBC One
96%
BBC Two
96%
ITV
95%
Channel 4
92%
Channel 5
89%
BBC Three
88%
ITV2
87%
BBC Four
86%
ITV3
83%
Dave
72%
ITV4
72%
E4
54%
5*
48%
Channel 4 +1
40%
Film4
39%
More4
39%
Pick
29%
Yesterday
29%
E4 +1
27%
ITV2 +1
27%
4Music
25%
ITVBe
25%
Really
25%
QVC
24%
Dave ja vu
21%
Drama
21%
Viva
13%
London Live
11%
Ideal World
7%
STV Edinburgh
1%

Score Distribution

Percentile by Number Answered

Percent of People with Each Score

Your Score History

You have not taken this quiz